Movies Quiz

Random Movies or Country Quiz

Best Movies per Country Quiz Stats

 Plays Quiz not verified by Sporcle

Score 0/40 Timer 10:00
0 Plays Today
Country Film % Correct
New ZealandThe Lord of the Rings: The Return of the King
90.4%
New ZealandThe Lord of the Rings: The Two Towers
90.4%
New ZealandThe Lord of the Rings: The Fellowship of the Ring
88.5%
AustraliaThe Matrix
76.9%
FranceThe Pianist
62.5%
FranceTerminator 2: Judgment Day
58.7%
CanadaDistrict 9
56.7%
FranceLeon: The Professional
52.9%
FranceAmélie
52.9%
New ZealandDistrict 9
51.9%
AustraliaThe King's Speech
51%
New ZealandThe Piano
50%
New ZealandHeavenly Creatures
50%
AustraliaMystic River
49%
CanadaCatch Me If You Can
47.1%
FranceRan
46.2%
FranceCity of God
40.4%
CanadaEastern Promises
39.4%
AustraliaMad Max 2: The Road Warrior
39.4%
New ZealandBrain Dead
34.6%
Country Film % Correct
AustraliaFinding Nemo
33.7%
AustraliaTraining Day
26.9%
FranceCinema Paradiso
26%
AustraliaDark City
25%
AustraliaSaw
24%
CanadaThe Sweet Hereafter
23.1%
New ZealandOnce Were Warriors
22.1%
FranceThe Wages of Fear
20.2%
FranceIntouchables
19.2%
FranceLes diaboliques
19.2%
CanadaA Christmas Story
16.3%
New ZealandWhale Rider
14.4%
CanadaThe Boondock Saints
13.5%
CanadaThe Triplets of Belleville
9.6%
AustraliaControl
9.6%
CanadaIncendies
7.7%
New ZealandThe World's Fastest Indian
5.8%
CanadaC.R.A.Z.Y.
4.8%
CanadaMr. Nobody
3.8%
AustraliaMary and Max
3.8%

You're not logged in!

Compare scores with friends on all Sporcle quizzes.
OR
Log In

Show Comments

Extras

Top Quizzes Today


Score Distribution

Your Account Isn't Verified!

In order to create a playlist on Sporcle, you need to verify the email address you used during registration. Go to your Sporcle Settings to finish the process.

Report this User

Report this user for behavior that violates our Community Guidelines.

Details: